000
00318nam a2200133Ia 4500
008
240624s9999 xx 000 0 und d
041
_a
eng
082
_a
004 CER
100
_a
CERUZZI PAUL E
245
_a
COMPUTING A CONCISE HISTORY
260
_c
2012
_a
London
_b
The MIT Press
300
_a
216 , p.
365
_c
_b
31
999
_c
29202
_d
29202